Biomedical Engineering Principles / (Record no. 10436)

MARC details
000 -LEADER
fixed length control field 01628cam a22004214a 4500
090 ## - LOCALLY ASSIGNED LC-TYPE CALL NUMBER (OCLC); LOCAL CALL NUMBER (OCLC)
-- 10436
001 - CONTROL NUMBER
control field 13993561
005 - DATE AND TIME OF LATEST TRANSACTION
control field 20060728212748.0
008 - FIXED-LENGTH DATA ELEMENTS--GENERAL INFORMATION
fixed length control field 050607s2005 flua b 001 0 eng
010 ## - LIBRARY OF CONGRESS CONTROL NUMBER
LC control number 2005050375
020 ## - INTERNATIONAL STANDARD BOOK NUMBER
International Standard Book Number 9780824796167 (alk. paper)
020 ## - INTERNATIONAL STANDARD BOOK NUMBER
International Standard Book Number 0824796160 (alk. paper)
035 ## - SYSTEM CONTROL NUMBER
System control number (DNLM)101250015
040 ## - CATALOGING SOURCE
Original cataloging agency DNLM/DLC
Transcribing agency DLC
Modifying agency DLC
042 ## - AUTHENTICATION CODE
Authentication code pcc
050 00 - LIBRARY OF CONGRESS CALL NUMBER
Classification number R856
Item number .R58 2005
060 10 - NATIONAL LIBRARY OF MEDICINE CALL NUMBER
Classification number QT 36
Item number R614b 2005
082 00 - DEWEY DECIMAL CLASSIFICATION NUMBER
Classification number 610.28
Edition number 22
Item number RIT
100 1# - MAIN ENTRY--PERSONAL NAME
Personal name Ritter, Arthur B.
245 10 - TITLE STATEMENT
Title Biomedical Engineering Principles /
Statement of responsibility, etc Arthur B. Ritter, Stanley Reisman, Bozena B. Michniak.
260 ## - PUBLICATION, DISTRIBUTION, ETC. (IMPRINT)
Place of publication, distribution, etc Boca Raton :
Name of publisher, distributor, etc Taylor & Francis,
Date of publication, distribution, etc c2005.
300 ## - PHYSICAL DESCRIPTION
Extent xii, 665 p. :
Other physical details ill. ;
Dimensions 23 cm.
504 ## - BIBLIOGRAPHY, ETC. NOTE
Bibliography, etc Includes bibliographical references and index.
650 #0 - SUBJECT ADDED ENTRY--TOPICAL TERM
Topical term or geographic name as entry element Biomedical engineering.
650 12 - SUBJECT ADDED ENTRY--TOPICAL TERM
Topical term or geographic name as entry element Biomedical Engineering
General subdivision methods.
650 22 - SUBJECT ADDED ENTRY--TOPICAL TERM
Topical term or geographic name as entry element Biological Transport.
650 22 - SUBJECT ADDED ENTRY--TOPICAL TERM
Topical term or geographic name as entry element Biomechanics
General subdivision methods.
650 22 - SUBJECT ADDED ENTRY--TOPICAL TERM
Topical term or geographic name as entry element Cell Physiology.
650 22 - SUBJECT ADDED ENTRY--TOPICAL TERM
Topical term or geographic name as entry element Hemodynamic Processes.
650 22 - SUBJECT ADDED ENTRY--TOPICAL TERM
Topical term or geographic name as entry element Signal Processing, Computer-Assisted.
650 22 - SUBJECT ADDED ENTRY--TOPICAL TERM
Topical term or geographic name as entry element Tissue Engineering
General subdivision methods.
700 1# - ADDED ENTRY--PERSONAL NAME
Personal name Reisman, Stanley S.
700 1# - ADDED ENTRY--PERSONAL NAME
Personal name Michniak, Bozena B.
856 42 - ELECTRONIC LOCATION AND ACCESS
Materials specified Publisher description
Uniform Resource Identifier <a href="http://www.loc.gov/catdir/enhancements/fy0647/2005050375-d.html">http://www.loc.gov/catdir/enhancements/fy0647/2005050375-d.html</a>
942 ## - ADDED ENTRY ELEMENTS (KOHA)
Source of classification or shelving scheme Dewey Decimal Classification
Item type Book - Borrowing
Holdings
Withdrawn status Item status Source of classification or shelving scheme Damaged status Not for loan Vendor Home library Current library Shelving location Date acquired Source of acquisition Cost, normal purchase price Serial Enumeration / chronology Total Checkouts Total Renewals Full call number Barcode Date last seen Date last borrowed Koha item type
    Dewey Decimal Classification     Alahram Central Library Central Library First floor 27/01/2009   441.70 6480 1 29 610.28 RIT 000014315 15/07/2025 19/10/2014 Book - Borrowing